| 000 | 00939nam a22002537a 4500 | ||
|---|---|---|---|
| 005 | 20170123162339.0 | ||
| 010 | _aA-998741 | ||
| 020 | _c100.00 | ||
| 035 | _aA-998741 | ||
| 037 | _bCen Lib/Ret | ||
| 040 |
_aDPL _bUR |
||
| 082 |
_a270.8095416 _bق ا س |
||
| 100 |
_aقاسمی، عطاالرحمان _9116258 |
||
| 245 |
_aدلی کی تاریخ مساجد : _cعطا الرحمان قاسمی _bحصّہ دوم |
||
| 246 |
_aDehli ki tarikhi masajid : hissa dom / _bby Ataur-Rehman |
||
| 260 |
_aنیی دہلی _bمولانا آزاد اکادمی _c1998 |
||
| 270 |
_bنیی دہلی _a٣٤، ابل فضل انکلیو _e110025 |
||
| 300 |
_a184p. _c21cm(Hb) |
||
| 650 |
_a مذہب - اسلام _9125556 |
||
| 650 |
_a اسلامی تاریخ - مسجد _9125557 |
||
| 650 |
_aReligion -- Islam _992070 |
||
| 650 |
_aIslamic history -- Mosque _9125558 |
||
| 942 |
_2ddc _cUR _h270.8095416 _mق ا س |
||
| 999 |
_c108348 _d108348 |
||